Capoluoghi della Sardegna in ordine alfabetico - Statistics

Statistiche generali
  • Questo quiz è stato fatto 18 volte
  • Il punteggio medio è 5 su 5
Statistiche sulle risposte
Popolazione (ab.) Capoluogo % Corretto
153 758 Cagliari
100%
36 470 Nuoro
94%
126 930 Sassari
94%
31 760 Oristano
88%
28 265 Carbonia
75%
Nessun quiz corrispondente trovato
Distribuzione punteggi
Percentuale di utenti per punteggio
Percentile per numero di risposta
I tuoi punteggi nel tempo
Non hai fatto questo quiz